The Handbook for Focus Group Research (Record no. 351823)

000 -LEADER
fixed length control field 00524nam a22001937a 4500
003 - CONTROL NUMBER IDENTIFIER
control field OSt
005 - DATE AND TIME OF LATEST TRANSACTION
control field 20180116183056.0
008 - FIXED-LENGTH DATA ELEMENTS--GENERAL INFORMATION
fixed length control field 160908b xxu||||| |||| 00| 0 eng d
020 ## - INTERNATIONAL STANDARD BOOK NUMBER
International Standard Book Number 07619125225
040 ## - CATALOGING SOURCE
Transcribing agency 0
082 ## - DEWEY DECIMAL CLASSIFICATION NUMBER
Classification number 658.83 GRE 1998
100 ## - MAIN ENTRY--PERSONAL NAME
Personal name Thomas L. Greenbaum
245 ## - TITLE STATEMENT
Title The Handbook for Focus Group Research
Statement of responsibility, etc. Thomas L. Greenbaum
250 ## - EDITION STATEMENT
Edition statement 2nd
260 ## - PUBLICATION, DISTRIBUTION, ETC.
Place of publication, distribution, etc. New Delhi
Name of publisher, distributor, etc. SAGE Publication
Date of publication, distribution, etc. 1998
300 ## - PHYSICAL DESCRIPTION
Extent 261 p.
Other physical details HB
440 ## - SERIES STATEMENT/ADDED ENTRY--TITLE
Title The Handbook for Focus Group Research
942 ## - ADDED ENTRY ELEMENTS (KOHA)
Source of classification or shelving scheme
Koha item type Book
Holdings
Withdrawn status Lost status Source of classification or shelving scheme Damaged status Not for loan Collection code Permanent Location Current Location Shelving location Date acquired Total Checkouts Full call number Barcode Date last seen Date last checked out Price effective from Koha item type
            Central Library (CL) Central Library (CL) General Stacks 09/08/2016 1 658.83 GRE 1998 NBSP-274 10/19/2016 09/27/2016 09/08/2016 Book
© 2023 Central Library, National University of Sciences and Technology. All Rights Reserved.